Literatura (Record no. 70452)

MARC details
000 -LEADER
campo de control de longitud fija 00718nam a2200205 i 4500
001 - NÚMERO DE CONTROL
campo de control 70452
003 - IDENTIFICADOR DE NÚMERO DE CONTROL
campo de control ES-MaACL
007 - CAMPO FIJO DE DESCRIPCIÓN FÍSICA--INFORMACIÓN GENERAL
campo de control de longitud fija t|
008 - DATOS DE LONGITUD FIJA--INFORMACIÓN GENERAL
campo de control de longitud fija 040726s1985 sp ||||1| spa d
020 ## - NÚMERO INTERNACIONAL ESTÁNDAR DEL LIBRO
Número Internacional Estándar del Libro 84-85866-75-4
100 1# - ENTRADA PRINCIPAL--NOMBRE DE PERSONA
Nombre de persona García de la Torre, Moisés.
9 (RLIN) 54456
245 10 - MENCIÓN DEL TÍTULO
Título Literatura
Resto del título : COU-Selectividad : modelos de comentario y análisis crítico /
Mención de responsabilidad, etc. Moisés García de la Torre ; [colaborador] Pedro Tenorio Matanzo.
260 ## - PUBLICACIÓN, DISTRIBUCIÓN, ETC.
Lugar de publicación, distribución, etc. Madrid :
Nombre del editor, distribuidor, etc. De la Torre,
Fecha de publicación, distribución, etc. 1985.
300 ## - DESCRIPCIÓN FÍSICA
Extensión 126 p. ;
Dimensiones 19 cm.
490 1# - MENCIÓN DE SERIE
Mención de serie Equipo didáctico Epsilon ;
Designación de volumen o secuencia 4
700 1# - ENTRADA AGREGADA--NOMBRE PERSONAL
Nombre de persona Tenorio Matanzo, Pedro.
9 (RLIN) 109701
830 0# - PUNTO DE ACCESO ADICIONAL DE SERIE-TÍTULO UNIFORME
Título uniforme Equipo didáctico Epsilon ;
Designación de volumen o secuencia 4
9 (RLIN) 183301
852 ## - LOCALIZACIÓN
Ubicación ES-MaACL
Número de control de estantería L-8875
Sublocalización o colección R.108674
Holdings
Estatus retirado Estado de pérdida Estado de daño No para préstamo Biblioteca de origen Biblioteca actual Ubicación en estantería Fecha de adquisición Fuente de adquisición Total de préstamos Signatura topográfica completa Código de barras Visto por última vez Precio de reemplazo Tipo de ítem Koha
        Biblioteca del Ateneo de Madrid Biblioteca del Ateneo de Madrid Depósito 2 17/01/2008     L-8875 1073773 23/02/2023 23/02/2023 Libro impreso